Principles historiques du droit (Record no. 141781)

MARC details
000 -LEADER
campo de control de longitud fija 00684nam a2200205 i 4500
001 - NÚMERO DE CONTROL
campo de control 141781
003 - IDENTIFICADOR DE NÚMERO DE CONTROL
campo de control ES-MaACL
005 - FECHA Y HORA DE LA ÚLTIMA TRANSACCIÓN
campo de control 20250809062539.0
007 - CAMPO FIJO DE DESCRIPCIÓN FÍSICA--INFORMACIÓN GENERAL
campo de control de longitud fija t|
008 - DATOS DE LONGITUD FIJA--INFORMACIÓN GENERAL
campo de control de longitud fija 070927s1924 fr ||||1| fre d
100 1# - ENTRADA PRINCIPAL--NOMBRE DE PERSONA
Nombre de persona Vinogradoff, Paul.
9 (RLIN) 115336
245 10 - MENCIÓN DEL TÍTULO
Título Principles historiques du droit
Resto del título : . Introduction . Le droit de la tribu /
Mención de responsabilidad, etc. Paul Vinogradoff ; traduit de l'anglais par M. P. Duez et M. G. Joüon des Longrais.
260 ## - PUBLICACIÓN, DISTRIBUCIÓN, ETC.
Lugar de publicación, distribución, etc. Paris :
Nombre del editor, distribuidor, etc. Payot,
Fecha de publicación, distribución, etc. 1924.
300 ## - DESCRIPCIÓN FÍSICA
Extensión 418 p. ;
Dimensiones 23 cm.
650 17 - PUNTO DE ACCESO ADICIONAL DE MATERIA--TÉRMINO DE MATERIA
Término de materia o nombre geográfico como elemento de entrada Derecho
Fuente del encabezamiento o término embne
9 (RLIN) 11602
700 1# - ENTRADA AGREGADA--NOMBRE PERSONAL
Nombre de persona Duez, Paul.
9 (RLIN) 45885
700 1# - ENTRADA AGREGADA--NOMBRE PERSONAL
Nombre de persona Joüon des Longrais, Frédéric.
9 (RLIN) 67023
852 ## - LOCALIZACIÓN
Ubicación ES-MaACL
Número de control de estantería F-5465
Holdings
Estatus retirado Estado de pérdida Estado de daño No para préstamo Biblioteca de origen Biblioteca actual Ubicación en estantería Fecha de adquisición Fuente de adquisición Total de préstamos Signatura topográfica completa Código de barras Visto por última vez Precio de reemplazo Tipo de ítem Koha
        Biblioteca del Ateneo de Madrid Biblioteca del Ateneo de Madrid Depósito 2 17/01/2008     F-5465 1147525 23/02/2023 23/02/2023 Libro impreso